00201nam a22000857a 4500008004100000082002200041245002400063260002000087300000800107230703b xxu||||| |||| 00| 0 eng d a342.02bBHA 1986 aWorld Constitutions bS.K. Ghaic1986 a70p